000
00299nam a2200133Ia 4500
008
190216s9999||||xx |||||||||||||| ||und||
100
_a
Sankaran S
245
0
_a
Macro Economics
250
_a
5th Ed.
260
_b
Margham Publications
_c
1993
300
_a
309
650
_a
Economics
942
_c
BK
999
_c
10377
_d
10377